| 000 | 00478nam a2200181Ia 4500 | ||
|---|---|---|---|
| 005 | 20250508150719.0 | ||
| 008 | 008 250505s9999 xx 000 0 eng d | ||
| 037 | _aTextual | ||
| 040 |
_aFEDL _beng _cFEDL |
||
| 041 |
_aeng _2eng |
||
| 084 |
_a297, SAL _qFEDL |
||
| 100 | _aSale George | ||
| 245 | 0 | _aKoran: Alkoran of Mohammmed | |
| 260 |
_aLondon, UK _bFrederick Warne and Co. |
||
| 300 | _axv,470p | ||
| 942 |
_cTEXL _h297, SAL |
||
| 999 |
_c1325216 _d1325216 |
||